000 00358nam a2200145 i 4500
001 bg
100 1 _aJEZIERSKI, Antoni
245 0 _aZarys urządzeń elektrycznych na statkach /
_cAntoni Jezierski.
250 _aWyd.3 zmien.
260 _aSzczecin,
_c1973.
040 _cBPK
041 _apol
942 _cKS
008 s pl f |000 0 pol
999 _c26001
_d26001
856 _uhttp://koha.tu.koszalin.pl/cgi-bin/koha/opac-detail.pl?biblionumber=26001
_yKatalog online BPK